THE ELECTRONICS HANDBOOK 2ND ED (Record no. 55529)

MARC details
000 -LEADER
fixed length control field 00475pam a2200169 a 4500
020 ## - INTERNATIONAL STANDARD BOOK NUMBER
International Standard Book Number 0-8493-1889-0
Terms of availability HARD BOND
041 ## - LANGUAGE CODE
Language code of text/sound track or separate title eng
082 ## - DEWEY DECIMAL CLASSIFICATION NUMBER
Classification number 621.381
Item number WHI
100 ## - MAIN ENTRY--PERSONAL NAME
Personal name WHITAKER J. C. ED.
245 ## - TITLE STATEMENT
Title THE ELECTRONICS HANDBOOK 2ND ED
Medium Textual Documents
250 ## - EDITION STATEMENT
Edition statement 01-01-2005
260 ## - PUBLICATION, DISTRIBUTION, ETC.
Name of publisher, distributor, etc. TAYLOR and FRANCIS CRC PRESS, BOCA ROTAN , FL
300 ## - PHYSICAL DESCRIPTION
Extent XXVI/2608
Dimensions 26 * 18
500 ## - GENERAL NOTE
General note 12777
653 ## - INDEX TERM--UNCONTROLLED
Uncontrolled term ELECTRONIC CIRUCITS and APPLICATIONS (S.E.)
930 ## - EQUIVALENCE OR CROSS-REFERENCE-UNIFORM TITLE HEADING [LOCAL, CANADA]
Uniform title 12306
Holdings
Withdrawn status Lost status Damaged status Not for loan Collection Home library Current library Shelving location Date acquired Source of acquisition Cost, normal purchase price Total Checkouts Full call number Barcode Date last seen Copy number Price effective from Koha item type
        EWP College of Engineering for Women, Pune College of Engineering for Women, Pune D-REF-6 27/11/2008 BHARATI MADHYA. SAHAKARI GRAHAK BHANDAR LTD., 7949.00   621.381 WHI EWP-12251 24/02/2023 1 24/02/2023 Book